Historia de la industria en Bahía Blanca, 1828-1930 /
Guardado en:
| Autor Principal: | |
|---|---|
| Otros Autores: | , |
| Formato: | Libro |
| Idioma: | Spanish |
| Publicado: |
Bahía Blanca :
Departamento de Ciencias Sociales, Universidad Nacional del Sur,
1980.
|
| Series: | Serie Historia (Universidad Nacional del Sur. Departamento de Ciencias Sociales) ;
2. |
| Materias: | |
| Etiquetas: |
Agregar Etiqueta
Sin Etiquetas, Sea el primero en etiquetar este registro!
|
| LEADER | 01138cam a2200289 a 4500 | ||
|---|---|---|---|
| 001 | EAD.ead002384 | ||
| 008 | 920827s1980####ag#af####b####000#0#spa#d | ||
| 005 | 20100927094241.0 | ||
| 245 | 1 | 0 | |a Historia de la industria en Bahía Blanca, 1828-1930 / |c María Ebelia Rey, Delia I. Errazu de Mendiburu, Norma B. Abraham. |
| 260 | |a Bahía Blanca : |b Departamento de Ciencias Sociales, Universidad Nacional del Sur, |c 1980. | ||
| 300 | |a 174 p., [8] p. de láms. : |b il. ; |c 29 cm. | ||
| 490 | 1 | |a Serie Historia ; |v 2 | |
| 500 | |a Reproducción de la copia mecanografiada. | ||
| 504 | |a Bibliografía: p. 172-174. | ||
| 100 | 1 | |a Rey, María Ebelia. | |
| 700 | 1 | |a Errazu de Mendiburu, Delia I. | |
| 700 | 1 | |a Abraham, Norma B. | |
| 830 | 0 | |a Serie Historia (Universidad Nacional del Sur. Departamento de Ciencias Sociales) ; |v 2. | |
| 043 | |a s-ag--- | ||
| 082 | 0 | 4 | |a 338.0982 |2 21 |
| 650 | 7 | |a Industria. |2 unbist | |
| 650 | 7 | |a Historia. |2 unbist | |
| 651 | 7 | |a Bahía Blanca (Argentina) | |
| 010 | |a 92206618 | ||
| 040 | |a PPiU |c DLC |d DLC | ||
| 050 | 0 | 4 | |a HC178.B3 |b R49 1980 |
| 859 | |a AR-BaBDC |b BIB. ADMINISTRACION GABCOOP - Libros |h 338.09821 |i R33 |p g00584 | ||
